Voetbal opstellingen in het voetbal en bij het voetbalspel OSM - Statistieken

Algemene statistieken
  • Deze quiz is 35 keer genomen
  • De gemiddelde score is 8 van 24
Antwoordstatistieken
Antwoord % Correct
5 3 2
89%
4 3 3 A
68%
4 3 3 B
68%
4 4 2 A
64%
4 4 2 B
61%
3 5 2
57%
3 4 3 A
50%
3 4 3 B
50%
4 5 1
39%
5 4 1 A
39%
5 4 1 B
39%
4 2 3 1
29%
4 2 4 A
29%
4 2 4 B
29%
3 3 4 A
21%
3 3 4 B
21%
6 3 1 A
18%
6 3 1 B
18%
5 2 3 A
14%
5 2 3 B
14%
5 3 1 1
11%
3 2 5
4%
3 2 3 2
0%
3 3 2 2
0%
Geen overeenkomende quizzen gevonden
Scoreverdeling
Procent van Mensen met Elke Score
Percentiel versus Aantal Correcte Antwoorden
Uw Scoregeschiedenis
U heeft deze quiz nog niet genomen